00423nam a2200133Ia 4500008004100000082001500041100002600056245004500082260002000127600001500147942000700162952010300169999001700272241002s9999 xx 000 0 und d a153.43 PEL aPeale, Norman Unicent 4aThe Amazing Results of Positive Thinking aNew York:c1965 aPhilosophy cUC 00102ddc4070aUITUbUITUd1994-01-01l0o153.43 PEApUC497r2024-10-02 09:31:22w2024-10-02yUC c18824d18824